Gyermekek a múzeumban
Elmentve itt :
| Szerző: | |
|---|---|
| Dokumentumtípus: | Cikk |
| Megjelent: |
1998
|
| Sorozat: | Iskolakultúra
8 No. 11 |
| Online Access: | http://misc.bibl.u-szeged.hu/40681 |
| LEADER | 00552nab a2200169 i 4500 | ||
|---|---|---|---|
| 001 | misc40681 | ||
| 005 | 20191106140958.0 | ||
| 008 | 180709s1998 hu o 0|| zxx d | ||
| 022 | |a 1215-5233 | ||
| 040 | |a SZTE Miscellanea Repozitórium |b hun | ||
| 041 | |a zxx | ||
| 100 | 1 | |a Magyar Erzsébet | |
| 245 | 1 | 0 | |a Gyermekek a múzeumban |h [elektronikus dokumentum] / |c Magyar Erzsébet |
| 260 | |c 1998 | ||
| 300 | |a 102-104 | ||
| 490 | 0 | |a Iskolakultúra |v 8 No. 11 | |
| 856 | 4 | 0 | |u http://misc.bibl.u-szeged.hu/40681/1/EPA00011_iskolakultura_1998_11_102-104.pdf |z Dokumentum-elérés |